| 000 | 00861nam a2200229 i 4500 | ||
|---|---|---|---|
| 001 | 123971 | ||
| 003 | ES-MaACL | ||
| 005 | 20251218135037.0 | ||
| 007 | t| | ||
| 008 | 070214s1916 sp r ||||1| spa d | ||
| 080 | _a929 Fernando (460) VII | ||
| 100 | 1 |
_aVilla-Urrutia, Wenceslao Ramírez de Villa-Urrutia, _cMarqués de, _d1850-1933 _9114894 |
|
| 245 | 1 | 4 |
_aLas mujeres de Fernando VII : _bcon cinco retratos / _cMarqués de Villa-Urrutia. |
| 260 |
_aMadrid : _bFrancisco Beltrán, _c1916 ( _fTip. Artística) |
||
| 300 |
_a109 p., [5] h. de lám. ; _c21 cm. |
||
| 530 | _aDisponible en formato digital. | ||
| 600 | 0 | 4 |
_aFernando _bVII, _cRey de España _950206 |
| 852 | 4 |
_aES-MaACL _jD-1675 _cSVI |
|
| 856 | 4 |
_uhttp://bdh-rd.bne.es/viewer.vm?id=0000050223&page=1 _y(Biblioteca Digital Hispánica) |
|
| 942 | _2udc | ||
| 999 |
_c123971 _d123971 |
||